00836nam a22002177a 4500003000500000005001700005008004100022010001100063011001100074035001100085040000900096100002700105245013100132260004000263500006000303502012800363650003100491650001600522856006400538856001600602CHAP20220329143922.0220812s2012 mx r 00010 spa d a103717 a104689 a115379 cCHAP1 aBedoya Cardoso, Marlio10aÁnalisis hidráulico matemático del flujo en tuberías con salidas múltiplesh[En línea]c/por Marlio Bedoya Cardoso aChapingo, Méx. :bEl autor,c2012 aPara ver el contenido del material haga clic en la liga aTesis (M.C. en Ingeniería Agrícola y uso Integral del Agua) -- UACH. Departamento de Ingeniería Mecánica Agrícola04aIngeniería hidráulica.04aTuberías. 3Finding aiduhttp://10.13.5.2/tesis/115379.pdfzTeclea aqui a1 n0000883